| 000 | 00414nam a22001697a 4500 | ||
|---|---|---|---|
| 003 | macl | ||
| 005 | 20160203124936.0 | ||
| 008 | 160203b xxu||||| |||| 00| 0 eng d | ||
| 040 | _cmacl | ||
| 041 | _aEnglish | ||
| 082 | _a333/DUE | ||
| 100 |
_aManoj Duey _936539 |
||
| 245 | _aImpact Of Ozone Depletion | ||
| 260 |
_aAllahabad _bChandra Publications _c2012 |
||
| 650 |
_aEnvironment _936541 |
||
| 942 |
_2ddc _cBK |
||
| 999 |
_c53018 _d53018 |
||